Zaměstnanecké výhody v současné praxi organizací v České republice
Niektoré výsledky výskumu v oblasti zamestnaneckých výhod, ktorý bol súčasťou širšieho projektu realizovaného v priebehu roku 2003. Podrobnejšie boli skúmané a analyzované zamestnanecké výhody v spracovateľskom priemysle. Predmetom záujmu boli akciové spoločnosti. Výskum ukázal, že zamestnanecké výh...
Salvato in:
| Autore principale: | |
|---|---|
| Natura: | Capitolo di libro |
| Lingua: | ceco |
| Soggetti: | |
| Tags: |
Nessun Tag, puoi essere il primo ad aggiungerne!!
|
MARC
| LEADER | 00000naa$a2200000$$$4500 | ||
|---|---|---|---|
| 001 | 0023173 | ||
| 005 | 20221207104940.8 | ||
| 041 | 0 | |a cze | |
| 044 | |a SK | ||
| 245 | 1 | 0 | |a Zaměstnanecké výhody v současné praxi organizací v České republice |c Ladislav Blažek |
| 520 | |a Niektoré výsledky výskumu v oblasti zamestnaneckých výhod, ktorý bol súčasťou širšieho projektu realizovaného v priebehu roku 2003. Podrobnejšie boli skúmané a analyzované zamestnanecké výhody v spracovateľskom priemysle. Predmetom záujmu boli akciové spoločnosti. Výskum ukázal, že zamestnanecké výhody sú využívané skôr pre sociálne účely, menej ako nástroje rozvoja ľudského kapitálu. | ||
| 610 | 2 | 0 | |a hospodárstvo národné |
| 610 | 2 | 0 | |a spoločnosti akciové |
| 610 | 2 | 0 | |a zamestnanci |
| 610 | 2 | 0 | |a starostlivosť o pracovníkov |
| 610 | 2 | 0 | |a manažment |
| 610 | 2 | 0 | |a priemysel spracovateľský |
| 610 | 2 | 0 | |a Česko |
| 100 | 1 | |a Blažek, Ladislav | |